Memoria del programa de alfabetización realizado en la comunidad: labor n° 1 sectores-Credisa y Amatepec
Zapisane w:
| Format: | Texto |
|---|---|
| Hasła przedmiotowe: | |
| Etykiety: |
Dodaj etykietę
Nie ma etykietki, Dołącz pierwszą etykiete!
|
MARC
| LEADER | 00000 a a2200000 04500 | ||
|---|---|---|---|
| 001 | 5088 | ||
| 003 | |||
| 040 | |||
| 245 | |a Memoria del programa de alfabetización realizado en la comunidad: labor n° 1 sectores-Credisa y Amatepec | ||
| 650 | |a ALFABABETIZACION | ||
| 650 | |a EDUCACION PUBLICA | ||
| 650 | |a CAPITALISMO | ||
| 650 | |a DOCENCIA | ||
| 650 | |a INVESTIGACION | ||
| 650 | |a EL SALVADOR | ||
| 773 | |g volumen 2, número 8; páginas 50-62 | ||
| 999 | |c 25700 |d 25700 | ||
